[Event "Mittelrhein Verbandsliga-N 18/19"]
[Site "Nordrheinwestfalen"]
[Date "2019.05.19"]
[Round "11.5"]
[White "Swoboda, Alexander"]
[Black "Thelen, Harm Wulf"]
[Result "0-1"]
[WhiteElo "1708"]
[BlackElo "1938"]
[PlyCount "56"]
[EventDate "2018.09.02"]
[EventType "team-tourn"]
[EventRounds "12"]
[EventCountry "GER"]
[SourceTitle "EXT 2022"]
[Source "ChessBase"]
[SourceDate "2021.10.06"]
[SourceVersion "1"]
[SourceVersionDate "2021.10.06"]
[SourceQuality "1"]
[WhiteTeam "Porz SG III"]
[BlackTeam "Bergische SF"]
[WhiteTeamCountry "GER"]
[BlackTeamCountry "GER"]

1. d4 Nf6 2. Nf3 g6 3. Bf4 Bg7 4. e3 c5 5. c3 0-0 6. Nbd2 cxd4 7. exd4 d5 8. Bd3 Nc6 9. 0-0 Nh5 10. Be3 f5 11. Nb3 f4 12. Bd2 Bf5 13. Nc5 b6 14. Bxf5 Rxf5 15. Ne6 Qd6 16. Nxg7 Nxg7 17. Re1 g5 18. Qa4 Rc8 19. Re2 g4 20. Ne5 f3 21. Re3 Nxe5 22. dxe5 Qg6 23. Qd4 Ne6 24. Qb4 Nc5 25. Rd1 e6 26. Be1 Rcf8 27. c4 Rf4 28. b3 d4 0-1

[Event "Mittelrhein Verbandsliga-N 18/19"]
[Site "Nordrheinwestfalen"]
[Date "2019.02.10"]
[Round "7.7"]
[White "Beck, Adrian"]
[Black "Thelen, Harm Wulf"]
[Result "0-1"]
[WhiteElo "1674"]
[BlackElo "1917"]
[PlyCount "148"]
[EventDate "2018.09.02"]
[EventType "team-tourn"]
[EventRounds "12"]
[EventCountry "GER"]
[SourceTitle "EXT 2022"]
[Source "ChessBase"]
[SourceDate "2021.10.06"]
[SourceVersion "1"]
[SourceVersionDate "2021.10.06"]
[SourceQuality "1"]
[WhiteTeam "Baumberg"]
[BlackTeam "Bergische SF"]
[WhiteTeamCountry "GER"]
[BlackTeamCountry "GER"]

1. e4 e6 2. Nf3 d5 3. exd5 exd5 4. d4 Bd6 5. Be2 Bf5 6. b3 Nf6 7. Bg5 h6 8. Bxf6 Qxf6 9. a3 0-0 10. 0-0 Nd7 11. c4 c6 12. Nc3 dxc4 13. bxc4 Rfd8 14. Qb3 b6 15. Rad1 g5 16. Ne1 Nf8 17. Bd3 Qxd4 18. Bxf5 Qf4 19. Rxd6 Rxd6 20. Be4 Ne6 21. Nd3 Qf6 22. Nb5 Rxd3 23. Qxd3 Rd8 24. Qc2 cxb5 25. cxb5 Nc5 26. g3 Rd4 27. Bc6 Qd6 28. Kg2 Ne6 29. Qf5 Kg7 30. Be4 Nf8 31. Rc1 Qe6 32. Bb1 Qxf5 33. Bxf5 Rd5 34. g4 Rxb5 35. a4 Rb4 36. a5 Rb5 37. a6 Rc5 38. Rd1 h5 39. Rd8 hxg4 40. Bxg4 f5 41. Be2 Rc7 42. Rb8 Nd7 43. Rb7 Rxb7 44. axb7 Nb8 45. f4 g4 46. h4 gxh3+ 47. Kxh3 a6 48. Kg3 b5 49. Kf3 Kf6 50. Ke3 Ke6 51. Kd4 Kd6 52. Bf3 Nd7 53. Bh1 Kc7 54. Bg2 a5 55. Bf3 b4 56. Kc4 Kb6 57. Bd5 Nb8 58. Be6 Kxb7 59. Kb5 Kc7 60. Kxa5 Nc6+ 61. Kb5 Kd6 62. Bxf5 Kd5 63. Bh7 Kd4 64. f5 Kc3 65. f6 Ne5 66. Bg8 Nd7 67. f7 Nf8 68. Kb6 b3 69. Kc6 b2 70. Kd6 b1Q 71. Ke7 Qb4+ 72. Kf6 Qd6+ 73. Kg7 Kd4 74. Kh8 Qh6+ 0-1

[Event "Mittelrhein Verbandsliga-N 17/18"]
[Site "Nordrheinwestfalen"]
[Date "2018.04.15"]
[Round "10.5"]
[White "Foth, Stefan"]
[Black "Thelen, Harm Wulf"]
[Result "1/2-1/2"]
[WhiteElo "1796"]
[BlackElo "1885"]
[PlyCount "25"]
[EventDate "2017.09.10"]
[EventType "team-swiss"]
[EventRounds "11"]
[EventCountry "GER"]
[SourceTitle "EXT 2022"]
[Source "ChessBase"]
[SourceDate "2021.10.06"]
[SourceVersion "1"]
[SourceVersionDate "2021.10.06"]
[SourceQuality "1"]
[WhiteTeam "Dormagen SV"]
[BlackTeam "Bergische SF"]
[WhiteTeamCountry "GER"]
[BlackTeamCountry "GER"]

1. d4 f5 2. g3 Nf6 3. Bg2 g6 4. Nf3 Bg7 5. 0-0 0-0 6. c3 h6 7. Re1 d6 8. Nbd2 Nbd7 9. e4 fxe4 10. Nh4 Qe8 11. Nxe4 d5 12. Qb3 Qf7 13. Nxf6+ 1/2-1/2

[Event "Mittelrhein Verbandsliga-N 17/18"]
[Site "Nordrheinwestfalen"]
[Date "2017.09.10"]
[Round "1.4"]
[White "Willms, Johannes"]
[Black "Thelen, Harm Wulf"]
[Result "0-1"]
[WhiteElo "1874"]
[BlackElo "1894"]
[PlyCount "50"]
[EventDate "2017.09.10"]
[EventType "team-swiss"]
[EventRounds "11"]
[EventCountry "GER"]
[SourceTitle "EXT 2022"]
[Source "ChessBase"]
[SourceDate "2021.10.06"]
[SourceVersion "1"]
[SourceVersionDate "2021.10.06"]
[SourceQuality "1"]
[WhiteTeam "Rheinpark BSG"]
[BlackTeam "Bergische SF"]
[WhiteTeamCountry "GER"]
[BlackTeamCountry "GER"]

1. e4 e6 2. d4 d5 3. Nc3 Bb4 4. e5 Ne7 5. a3 Bxc3+ 6. bxc3 c5 7. Qg4 Qc7 8. Qxg7 Rg8 9. Qxh7 cxd4 10. Ne2 Nbc6 11. f4 dxc3 12. Qd3 Nf5 13. Nxc3 a6 14. g4 Rxg4 15. Bd2 Ncd4 16. Bh3 Rg8 17. Bxf5 Nxf5 18. Ne2 Bd7 19. Nd4 Nxd4 20. Qxd4 Qxc2 21. Qb4 a5 22. Qd4 Bb5 23. Rc1 Qf5 24. Be3 Qg4 25. Qd2 Qf3 0-1

[Event "Mittelrhein Verbandsliga-M 16/17"]
[Site "Nordrheinwestfalen"]
[Date "2016.09.11"]
[Round "1.3"]
[White "Thelen, Harm Wulf"]
[Black "Mays, Stephan"]
[Result "1/2-1/2"]
[WhiteElo "1961"]
[BlackElo "2038"]
[PlyCount "51"]
[EventDate "2016.09.11"]
[EventType "team-tourn"]
[EventRounds "11"]
[EventCountry "GER"]
[SourceTitle "EXT 2022"]
[Source "ChessBase"]
[SourceDate "2021.10.06"]
[SourceVersion "1"]
[SourceVersionDate "2021.10.06"]
[SourceQuality "1"]
[WhiteTeam "Bergische SF"]
[BlackTeam "Koeln Ford SF"]
[WhiteTeamCountry "GER"]
[BlackTeamCountry "GER"]

1. c4 c6 2. g3 d6 3. Bg2 e5 4. Nc3 Nf6 5. d3 Nbd7 6. Nf3 Be7 7. 0-0 0-0 8. Rb1 a5 9. a3 d5 10. cxd5 Nxd5 11. Nxd5 cxd5 12. b4 axb4 13. axb4 Bf6 14. Bb2 Re8 15. Nd2 Nb6 16. Nb3 Na4 17. Ba1 b6 18. Rc1 Qd6 19. Qd2 Bd7 20. f4 Rac8 21. fxe5 Bxe5 22. Nd4 Rxc1 23. Rxc1 Bf6 24. e3 Bg5 25. Re1 Bf6 26. Rc1 1/2-1/2

[Event "Mittelrhein Verbandsliga-M 15/16"]
[Site "Nordrheinwestfalen"]
[Date "2016.04.10"]
[Round "10.2"]
[White "Lattermann, Stefan"]
[Black "Thelen, Harm Wulf"]
[Result "1-0"]
[WhiteElo "2000"]
[BlackElo "1943"]
[PlyCount "153"]
[EventDate "2015.09.06"]
[EventType "team-tourn"]
[EventRounds "11"]
[EventCountry "GER"]
[SourceTitle "EXT 2022"]
[Source "ChessBase"]
[SourceDate "2021.10.06"]
[SourceVersion "1"]
[SourceVersionDate "2021.10.06"]
[SourceQuality "1"]
[WhiteTeam "Rheinpark BSG"]
[BlackTeam "Bergische SF"]
[WhiteTeamCountry "GER"]
[BlackTeamCountry "GER"]

1. e4 e6 2. d4 d5 3. Nc3 Bb4 4. e5 Ne7 5. Qg4 Nf5 6. Bd3 h5 7. Qf4 g6 8. Nf3 c5 9. a3 Bxc3+ 10. bxc3 Bd7 11. 0-0 Nc6 12. dxc5 Qc7 13. Bxf5 gxf5 14. Qg5 Qd8 15. Qg7 Rf8 16. Bh6 Qe7 17. Qxf8+ Qxf8 18. Bxf8 Kxf8 19. Rab1 Na5 20. Nd4 Rc8 21. Nb3 Nc4 22. f4 Nxa3 23. Ra1 Nb5 24. Rf3 a6 25. Kf2 Ke7 26. Ke1 f6 27. Rg3 Be8 28. Kd2 Bf7 29. Re1 fxe5 30. Rxe5 Na3 31. Kc1 Nc4 32. Re1 Kf6 33. Rf3 a5 34. Rf2 a4 35. Nd4 Rxc5 36. Rfe2 a3 37. Kb1 Nb2 38. Nxe6 Rxc3 39. Nd4 Rc4 40. Rd2 Rc3 41. Re5 Rc4 42. Rxf5+ Kg7 43. Rg5+ Kf6 44. Rg3 Ra4 45. Rxa3 Rxa3 46. Kxb2 Re3 47. c3 Re1 48. Rf2 Be8 49. Kc2 Bd7 50. Kd2 Rb1 51. Kd3 b5 52. Kc2 Ra1 53. Kb3 Ra4 54. Ra2 Rc4 55. Ra6+ Kf7 56. Rd6 Bg4 57. Rxd5 Bd1+ 58. Nc2 Bxc2+ 59. Kxc2 b4 60. Rxh5 Rxc3+ 61. Kb2 Re3 62. Rg5 Re4 63. g3 Re2+ 64. Kb3 Rxh2 65. Kxb4 Rc2 66. Rc5 Rg2 67. Rc3 Kf6 68. Kc5 Kf5 69. Kd6 Kf6 70. Kd5 Kf5 71. Kd4 Kg4 72. Ke5 Re2+ 73. Kf6 Rf2 74. Kg6 Ra2 75. f5 Ra5 76. Rc4+ Kxg3 77. f6 1-0

[Event "Mittelrhein Verbandsliga-M 15/16"]
[Site "Nordrheinwestfalen"]
[Date "2016.03.13"]
[Round "9.2"]
[White "Thelen, Harm Wulf"]
[Black "Tendick, Frank"]
[Result "1/2-1/2"]
[WhiteElo "1932"]
[BlackElo "2038"]
[PlyCount "85"]
[EventDate "2015.09.06"]
[EventType "team-tourn"]
[EventRounds "11"]
[EventCountry "GER"]
[SourceTitle "EXT 2022"]
[Source "ChessBase"]
[SourceDate "2021.10.06"]
[SourceVersion "1"]
[SourceVersionDate "2021.10.06"]
[SourceQuality "1"]
[WhiteTeam "Bergische SF"]
[BlackTeam "Dormagen SV"]
[WhiteTeamCountry "GER"]
[BlackTeamCountry "GER"]

1. c4 e5 2. g3 Nf6 3. Bg2 Nc6 4. Nc3 Bb4 5. Nf3 Bxc3 6. bxc3 0-0 7. 0-0 Re8 8. Qc2 d6 9. e4 Bg4 10. h3 Be6 11. d3 Qd7 12. Kh2 Rf8 13. Nh4 Ne8 14. g4 f6 15. Nf5 g5 16. a4 b6 17. Rd1 Na5 18. Be3 Rd8 19. Bf3 Bxf5 20. exf5 c6 21. Qa2 Kh8 22. d4 Qe7 23. Bg2 Nc7 24. Re1 Qf7 25. dxe5 dxe5 26. c5 Nd5 27. Bc1 Nxc3 28. Qc2 Nd5 29. Ba3 Rfe8 30. Rab1 Qc7 31. Be4 Nb7 32. Rbc1 Nf4 33. Re3 bxc5 34. Bxc5 Nxc5 35. Qxc5 Rd2 36. Rf3 Re7 37. a5 Ne2 38. Rb1 Nd4 39. Re3 Rxf2+ 40. Kg1 Ra2 41. Ra3 Rxa3 42. Qxa3 a6 43. Rb6 1/2-1/2

[Event "Bergisch Gladbach-ch"]
[Site "Bergisch Gladbach"]
[Date "2005.09.30"]
[Round "6"]
[White "Thelen, Harm Wulf"]
[Black "Wieferig, Wolfgang"]
[Result "0-1"]
[WhiteElo "1925"]
[BlackElo "2212"]
[PlyCount "122"]
[EventDate "2005.08.26"]
[EventType "swiss"]
[EventRounds "7"]
[EventCountry "GER"]
[SourceTitle "CBM 108 Extra"]
[Source "ChessBase"]
[SourceDate "2005.11.04"]
[SourceVersion "1"]
[SourceVersionDate "2005.11.04"]
[SourceQuality "1"]

1. Nf3 d5 2. g3 Bf5 3. Bg2 e6 4. c4 c6 5. Qb3 Qb6 6. Qxb6 axb6 7. cxd5 exd5 8. Nc3 Nf6 9. 0-0 b5 10. d3 b4 11. Nd1 Nbd7 12. Ne3 Bg6 13. Nh4 Nc5 14. Nxg6 hxg6 15. Bd2 Na6 16. Nc2 Be7 17. e4 0-0-0 18. Rad1 dxe4 19. dxe4 Rh5 20. Rfe1 Bc5 21. Be3 Rxd1 22. Rxd1 Bxe3 23. Nxe3 Ra5 24. Ra1 Nc5 25. e5 Ne8 26. Nc4 Ra7 27. f4 Kc7 28. Kf1 Nb3 29. Rd1 Rxa2 30. Bh3 Ra1 31. Rxa1 Nxa1 32. Ke2 Nb3 33. Kd3 b5 34. Ne3 Kb6 35. Bg2 Nc7 36. h4 Nc5+ 37. Kd2 N5e6 38. Kd3 Nc5+ 39. Kd2 N7e6 40. Nc2 Nb3+ 41. Ke3 Kc5 42. Ne1 Nbd4 43. Bf1 Nf5+ 44. Kf2 b3 45. Bd3 Kd4 46. h5 Ne7 47. hxg6 fxg6 48. Ke2 Nc5 49. Nf3+ Kd5 50. Bb1 Na4 51. g4 Nxb2 52. f5 gxf5 53. gxf5 Ng8 54. Ke3 Nc4+ 55. Kf4 Kc5 56. Be4 b2 57. Kg5 b4 58. Kg6 Nxe5+ 59. Nxe5 Kd4 60. Bb1 Kxe5 61. Kxg7 Nf6 0-1

[Event "Bergisch Gladbach-ch"]
[Site "Bergisch Gladbach"]
[Date "2005.09.23"]
[Round "5"]
[White "Raabe, Joachim"]
[Black "Thelen, Harm Wulf"]
[Result "1/2-1/2"]
[WhiteElo "1895"]
[BlackElo "1925"]
[PlyCount "83"]
[EventDate "2005.08.26"]
[EventType "swiss"]
[EventRounds "7"]
[EventCountry "GER"]
[SourceTitle "CBM 108 Extra"]
[Source "ChessBase"]
[SourceDate "2005.11.04"]
[SourceVersion "1"]
[SourceVersionDate "2005.11.04"]
[SourceQuality "1"]

1. c4 g6 2. g3 Bg7 3. Bg2 c6 4. Nc3 e5 5. e4 Ne7 6. Nge2 0-0 7. 0-0 d6 8. d3 f5 9. Be3 Nd7 10. Qd2 Rf7 11. b4 Nf6 12. Rad1 Ng4 13. Bg5 h6 14. Bxe7 Qxe7 15. h3 Nf6 16. b5 Bd7 17. a4 Nh5 18. Bf3 Nf6 19. Bg2 Kh7 20. a5 a6 21. Rb1 axb5 22. cxb5 Qd8 23. exf5 gxf5 24. a6 d5 25. axb7 Rb8 26. bxc6 Bxc6 27. d4 Ne4 28. Nxe4 dxe4 29. Qc1 Rc7 30. dxe5 Bxe5 31. Qc5 Qf6 32. Rfc1 Rcxb7 33. Rxb7+ Bxb7 34. Rb1 Qd6 35. Qxd6 Bxd6 36. Nd4 Bc8 37. Rxb8 Bxb8 38. g4 fxg4 39. Bxe4+ Kg8 40. Nf5 Bxf5 41. Bxf5 gxh3 42. Bxh3 1/2-1/2

[Event "Bergisch Gladbach-ch"]
[Site "Bergisch Gladbach"]
[Date "2005.08.26"]
[Round "1"]
[White "Schueers, Christian"]
[Black "Thelen, Harm Wulf"]
[Result "0-1"]
[WhiteElo "1524"]
[BlackElo "1925"]
[PlyCount "48"]
[EventDate "2005.08.26"]
[EventType "swiss"]
[EventRounds "7"]
[EventCountry "GER"]
[SourceTitle "CBM 108 Extra"]
[Source "ChessBase"]
[SourceDate "2005.11.04"]
[SourceVersion "1"]
[SourceVersionDate "2005.11.04"]
[SourceQuality "1"]

1. d4 Nf6 2. Nf3 g6 3. c4 Bg7 4. Nc3 d6 5. e4 0-0 6. Be2 Nbd7 7. 0-0 e5 8. Bg5 h6 9. Bxf6 Bxf6 10. d5 Bg7 11. Rc1 a5 12. Nd2 f5 13. exf5 gxf5 14. f4 e4 15. b3 Nc5 16. Kh1 Bd7 17. Qc2 Qf6 18. a4 Kh8 19. Rfd1 Rac8 20. Nf1 Qg6 21. Ne3 h5 22. Bf1 Bf6 23. Rb1 h4 24. h3 Qg3 0-1

[Event "Bergisch Gladbach-ch 26th"]
[Site "Bergisch Gladbach"]
[Date "2004.10.08"]
[Round "6"]
[White "Thelen, Harm Wulf"]
[Black "Salbert, Heinrich"]
[Result "1/2-1/2"]
[WhiteElo "1977"]
[BlackElo "1917"]
[PlyCount "46"]
[EventDate "2004.09.??"]
[EventType "swiss"]
[EventRounds "7"]
[EventCountry "GER"]
[SourceTitle "EXT 2005"]
[Source "ChessBase"]
[SourceDate "2004.11.15"]
[SourceVersion "1"]
[SourceVersionDate "2004.11.15"]
[SourceQuality "1"]

1. Nf3 Nf6 2. g3 g6 3. Bg2 Bg7 4. c4 d6 5. d4 0-0 6. Nc3 Nc6 7. 0-0 e5 8. d5 Ne7 9. e4 Bg4 10. h3 Bd7 11. Be3 Nh5 12. Kh2 f5 13. b4 f4 14. Bd2 h6 15. c5 Qe8 16. a4 g5 17. g4 Nf6 18. Qe2 Qg6 19. Ne1 h5 20. f3 Qh7 21. Kg1 Ng6 22. Nd3 Nh4 23. Be1 Bxg4 1/2-1/2

[Event "Bergisch Gladbach-ch 26th"]
[Site "Bergisch Gladbach"]
[Date "2004.10.01"]
[Round "5"]
[White "Bigott, Martin"]
[Black "Thelen, Harm Wulf"]
[Result "1/2-1/2"]
[WhiteElo "1928"]
[BlackElo "1977"]
[PlyCount "58"]
[EventDate "2004.09.??"]
[EventType "swiss"]
[EventRounds "7"]
[EventCountry "GER"]
[SourceTitle "EXT 2005"]
[Source "ChessBase"]
[SourceDate "2004.11.15"]
[SourceVersion "1"]
[SourceVersionDate "2004.11.15"]
[SourceQuality "1"]

1. d4 g6 2. c4 Bg7 3. Nc3 Nf6 4. e4 d6 5. Nf3 0-0 6. Be2 Nbd7 7. 0-0 e5 8. d5 Nc5 9. Qc2 a5 10. Be3 Ne8 11. Nd2 f5 12. f3 b6 13. Nb3 Bd7 14. Nxc5 bxc5 15. a4 Nf6 16. Nb5 Nh5 17. Qc1 Nf4 18. Bxf4 exf4 19. Bd3 fxe4 20. Bxe4 g5 21. Qc2 h6 22. Rae1 g4 23. fxg4 Bxg4 24. Bf3 Bd7 25. Re2 Rf5 26. Bg4 Rf6 27. Bf3 Rf7 28. b3 Bf5 29. Be4 Bg4 1/2-1/2

[Event "Bergisch Gladbach-ch 26th"]
[Site "Bergisch Gladbach"]
[Date "2004.09.24"]
[Round "4"]
[White "Thelen, Harm Wulf"]
[Black "Gewert, Arne"]
[Result "1-0"]
[WhiteElo "1977"]
[BlackElo "1809"]
[PlyCount "79"]
[EventDate "2004.09.??"]
[EventType "swiss"]
[EventRounds "7"]
[EventCountry "GER"]
[SourceTitle "EXT 2005"]
[Source "ChessBase"]
[SourceDate "2004.11.15"]
[SourceVersion "1"]
[SourceVersionDate "2004.11.15"]
[SourceQuality "1"]

1. Nf3 f5 2. d4 Nf6 3. c4 g6 4. Nc3 Bg7 5. g3 d6 6. Bg2 0-0 7. 0-0 Qe8 8. Nd5 Nxd5 9. cxd5 Qb5 10. Ng5 h6 11. Ne6 Bxe6 12. dxe6 d5 13. a4 Qc4 14. e3 c6 15. b3 Qa6 16. Ba3 Bf6 17. g4 f4 18. exf4 Qb6 19. Bc5 Qc7 20. Qd3 Qxf4 21. Qxg6+ Kh8 22. Qh5 Na6 23. Ba3 Qg5 24. Qxg5 hxg5 25. Rad1 Nc7 26. Rfe1 Rae8 27. h4 gxh4 28. f4 Kh7 29. Bc1 Rh8 30. g5 Bg7 31. Bh3 Ref8 32. f5 Kg8 33. Rf1 Rh7 34. Bg4 h3 35. Kh2 Ne8 36. Ba3 Bh8 37. Rf3 Rh4 38. Kg3 Rh7 39. Bxh3 Rh5 40. Bxe7 1-0

[Event "Bergisch Gladbach-ch 26th"]
[Site "Bergisch Gladbach"]
[Date "2004.09.17"]
[Round "3"]
[White "Klein, Dieter"]
[Black "Thelen, Harm Wulf"]
[Result "0-1"]
[WhiteElo "1624"]
[BlackElo "1977"]
[PlyCount "92"]
[EventDate "2004.09.??"]
[EventType "swiss"]
[EventRounds "7"]
[EventCountry "GER"]
[SourceTitle "EXT 2005"]
[Source "ChessBase"]
[SourceDate "2004.11.15"]
[SourceVersion "1"]
[SourceVersionDate "2004.11.15"]
[SourceQuality "1"]

1. d4 Nf6 2. c4 g6 3. Nc3 Bg7 4. e4 d6 5. Bd3 Nbd7 6. Nge2 e5 7. d5 Nc5 8. Bc2 a5 9. h3 0-0 10. 0-0 Ne8 11. Ng3 Qh4 12. Qe1 f5 13. exf5 gxf5 14. f4 e4 15. Be3 Bd7 16. Rd1 Kh8 17. b3 Rg8 18. Bf2 Qh6 19. Nce2 Nf6 20. Nd4 Qg6 21. Nde2 b6 22. Be3 h5 23. Qf2 Kh7 24. Nh1 Bh6 25. Qg3 Qf7 26. Qh4 Rg6 27. Nhg3 Rag8 28. Rf2 b5 29. Bd4 e3 30. Rf3 Nce4 31. Bxf6 Nxf6 32. Rxe3 Re8 33. Nxf5 Bxf5 34. Rxe8 Bxc2 35. f5 Rg5 36. Re1 Qxe8 37. Nf4 Qg8 38. Re7+ Rg7 39. Qxf6 Bxf4 40. Qg6+ Kh8 41. Rxg7 Qxg7 42. Qe8+ Kh7 43. Qxh5+ Bh6 44. cxb5 Qd4+ 45. Kh1 Qd1+ 46. Kh2 Qxh5 0-1

[Event "Bergisch Gladbach-ch op"]
[Site "Bergisch Gladbach"]
[Date "2001.08.24"]
[Round "2"]
[White "Gutt, Stefan"]
[Black "Thelen, Harm Wulf"]
[Result "1/2-1/2"]
[WhiteElo "1874"]
[BlackElo "1976"]
[PlyCount "88"]
[EventDate "2001.08.17"]
[EventType "swiss"]
[EventRounds "7"]
[EventCountry "GER"]
[SourceTitle "EXT 2006"]
[Source "ChessBase"]
[SourceDate "2005.11.24"]
[SourceVersion "1"]
[SourceVersionDate "2005.11.24"]
[SourceQuality "1"]

1. d4 Nf6 2. Nf3 g6 3. c4 Bg7 4. Nc3 d6 5. e4 0-0 6. Be2 Nbd7 7. 0-0 e5 8. Bg5 h6 9. Be3 Ng4 10. Bc1 c6 11. dxe5 dxe5 12. Ne1 Ngf6 13. Be3 Qc7 14. Qc2 Re8 15. Rd1 Nf8 16. f4 exf4 17. Bxf4 Qb6+ 18. Kh1 Ne6 19. Na4 Qa5 20. Bd2 Qc7 21. Bc3 Nf4 22. Bf3 Be6 23. b3 Rad8 24. Nd3 Nxd3 25. Rxd3 Rxd3 26. Qxd3 Rd8 27. Qc2 b5 28. Nc5 Qe7 29. Bb4 bxc4 30. bxc4 Rd4 31. e5 Ng4 32. Nxe6 Qxe6 33. Qe2 Rxc4 34. Ba3 Bxe5 35. Re1 f6 36. h3 Nh2 37. Bb2 Nxf3 38. Qxf3 Qd6 39. Rd1 Qe7 40. Qb3 Qf7 41. Bxe5 fxe5 42. Qb8+ Kh7 43. Qxe5 h5 44. Rd8 Qf1+ 1/2-1/2

[Event "Bergisch Gladbach-ch op"]
[Site "Bergisch Gladbach"]
[Date "2001.08.21"]
[Round "1"]
[White "Thelen, Harm Wulf"]
[Black "Klein, Dieter"]
[Result "1-0"]
[WhiteElo "1976"]
[BlackElo "1702"]
[PlyCount "49"]
[EventDate "2001.08.17"]
[EventType "swiss"]
[EventRounds "7"]
[EventCountry "GER"]
[SourceTitle "EXT 2006"]
[Source "ChessBase"]
[SourceDate "2005.11.24"]
[SourceVersion "1"]
[SourceVersionDate "2005.11.24"]
[SourceQuality "1"]

1. Nf3 Nf6 2. g3 d5 3. Bg2 g6 4. d4 Bg7 5. c4 0-0 6. cxd5 Nxd5 7. e4 Nf6 8. Nc3 c6 9. 0-0 Bg4 10. h3 Be6 11. b3 Qb6 12. Be3 Qc7 13. Rc1 Qa5 14. Ng5 Bc8 15. e5 Nd5 16. Nxd5 cxd5 17. Rc5 Qxa2 18. Bxd5 e6 19. Bg2 Nd7 20. Rc1 Qa3 21. Ne4 Rd8 22. Bg5 Rf8 23. Ra1 Qb2 24. Be7 Nb6 25. Ba3 1-0

[Event "Bergisch Gladbach-ch 22nd"]
[Site "Bergisch Gladbach"]
[Date "2000.09.15"]
[Round "6"]
[White "Raabe, Joachim"]
[Black "Thelen, Harm Wulf"]
[Result "0-1"]
[WhiteElo "1902"]
[BlackElo "1979"]
[PlyCount "92"]
[EventDate "2000.08.??"]
[EventType "swiss"]
[EventRounds "7"]
[EventCountry "GER"]
[SourceTitle "EXT 2005"]
[Source "ChessBase"]
[SourceDate "2004.11.15"]
[SourceVersion "1"]
[SourceVersionDate "2004.11.15"]
[SourceQuality "1"]

1. c4 Nf6 2. Nf3 g6 3. g3 Bg7 4. Bg2 0-0 5. 0-0 d6 6. Nc3 e5 7. d3 Nc6 8. Bd2 Nh5 9. Rb1 f5 10. b4 f4 11. b5 Ne7 12. a4 c6 13. Qb3 h6 14. Qa3 d5 15. cxd5 cxd5 16. a5 Be6 17. Rfc1 g5 18. Na4 e4 19. Bb4 Rf7 20. Nc5 Bf5 21. Ne1 fxg3 22. hxg3 e3 23. fxe3 Nxg3 24. Qa2 Bg4 25. Nxb7 Qd7 26. Bxe7 Nxe2+ 27. Kh1 Nxc1 28. Qxd5 Qxe7 29. Nd6 Qxe3 30. Qxa8+ Bf8 31. Qe4 Qg3 32. Rxc1 Bxd6 33. Qg6+ Kf8 34. Qxh6+ Rg7 35. Qh8+ Kf7 36. Qh6 Bf5 37. Bd5+ Ke8 38. Qh8+ Bf8 39. Bg2 Rh7+ 40. Qxh7 Bxh7 41. Nf3 g4 42. Nd4 Bd6 43. Bc6+ Ke7 44. Rc2 Bxd3 45. Re2+ Be5 46. Bg2 Qh2# 0-1

[Event "Bergisch Gladbach-ch 22nd"]
[Site "Bergisch Gladbach"]
[Date "2000.08.11"]
[Round "1"]
[White "Mertens, Norbert"]
[Black "Thelen, Harm Wulf"]
[Result "0-1"]
[WhiteElo "1683"]
[BlackElo "1979"]
[PlyCount "84"]
[EventDate "2000.08.??"]
[EventType "swiss"]
[EventRounds "7"]
[EventCountry "GER"]
[SourceTitle "EXT 2005"]
[Source "ChessBase"]
[SourceDate "2004.11.15"]
[SourceVersion "1"]
[SourceVersionDate "2004.11.15"]
[SourceQuality "1"]

1. e4 e6 2. Nf3 d5 3. exd5 exd5 4. d4 Bd6 5. Nc3 Ne7 6. Be3 0-0 7. Qd2 c6 8. h3 b5 9. Bd3 Bf5 10. g4 Bxd3 11. Qxd3 f5 12. Ng5 Qd7 13. f4 h6 14. Nf3 fxg4 15. Ne5 Bxe5 16. dxe5 gxh3 17. 0-0-0 Qe6 18. Rdg1 Nd7 19. Bd2 Nf5 20. Qxh3 Rf7 21. Ne2 Nc5 22. Qh5 d4 23. b3 Kf8 24. Bb4 Qd5 25. Qg6 a5 26. Bxc5+ Qxc5 27. Rh3 Ke7 28. Kb2 a4 29. Nc1 axb3 30. Rxb3 Qd5 31. Rd1 Ra4 32. a3 Qc4 33. Nd3 Qd5 34. Nb4 Qc4 35. Nxc6+ Kf8 36. Nd8 Ne3 37. Rd2 Rfa7 38. Ne6+ Kg8 39. Qe8+ Kh7 40. Nf8+ Kg8 41. Ng6+ Kh7 42. Ne7 Qe6 0-1

[Event "Bergisch Gladbach-ch"]
[Site "Bergisch Gladbach"]
[Date "1996.09.06"]
[Round "3"]
[White "Thelen, Harm Wulf"]
[Black "Ljuboschiz, Alexander"]
[Result "1-0"]
[WhiteElo "1933"]
[BlackElo "1992"]
[PlyCount "89"]
[EventDate "1996.08.??"]
[EventType "swiss"]
[EventRounds "7"]
[EventCountry "GER"]
[SourceTitle "EXT 2005"]
[Source "ChessBase"]
[SourceDate "2004.11.15"]
[SourceVersion "1"]
[SourceVersionDate "2004.11.15"]
[SourceQuality "1"]

1. Nf3 g6 2. g3 Bg7 3. Bg2 e5 4. d3 Nc6 5. c4 d6 6. Nc3 Nf6 7. Bd2 0-0 8. 0-0 h6 9. Rb1 Be6 10. e4 Qd7 11. b4 Bh3 12. b5 Ne7 13. Ne1 Bxg2 14. Nxg2 Nh7 15. Nd5 f5 16. Nh4 Nxd5 17. cxd5 Qf7 18. Rc1 h5 19. f4 exf4 20. Rxf4 Bd4+ 21. Kg2 Nf6 22. Qb3 Rae8 23. Qc4 Bb6 24. Rcf1 Nxd5 25. R4f3 Ne7 26. Bh6 Qxc4 27. dxc4 Rf7 28. exf5 gxf5 29. Re1 Kh7 30. Bg5 Rg7 31. Bf6 Rf7 32. Re6 d5 33. cxd5 Bc5 34. Bg5 Rg8 35. Bxe7 Rxe7 36. Rxf5 Rxe6 37. dxe6 Bd6 38. Rxh5+ Kg7 39. Rg5+ Kf8 40. Rxg8+ Kxg8 41. Nf5 Bc5 42. Kf3 Kf8 43. h4 c6 44. bxc6 bxc6 45. Ke4 1-0

[Event "Bergisch Gladbach-ch"]
[Site "Bergisch Gladbach"]
[Date "1996.08.30"]
[Round "2"]
[White "Frede, Adolf"]
[Black "Thelen, Harm Wulf"]
[Result "0-1"]
[WhiteElo "1750"]
[BlackElo "1933"]
[PlyCount "138"]
[EventDate "1996.08.??"]
[EventType "swiss"]
[EventRounds "7"]
[EventCountry "GER"]
[SourceTitle "EXT 2005"]
[Source "ChessBase"]
[SourceDate "2004.11.15"]
[SourceVersion "1"]
[SourceVersionDate "2004.11.15"]
[SourceQuality "1"]

1. d4 Nf6 2. Nc3 g6 3. e4 d6 4. f4 Bg7 5. Nf3 0-0 6. Bd3 c5 7. dxc5 dxc5 8. e5 Nd5 9. Nxd5 Qxd5 10. 0-0 Nc6 11. Qe2 e6 12. c3 Qd8 13. Be3 b6 14. Rad1 Qc7 15. Be4 Bb7 16. Rd6 Nxe5 17. Bxb7 Nxf3+ 18. Qxf3 Rab8 19. Rfd1 Qxb7 20. Qe2 Qe4 21. Rd7 e5 22. Qf2 Bh6 23. g3 exf4 24. Bxf4 Bxf4 25. Qxf4 Qxf4 26. gxf4 a5 27. Kf2 Rfe8 28. Kf3 Re6 29. f5 Re5 30. fxg6 hxg6 31. R1d6 Kg7 32. Rc6 Rf5+ 33. Kg3 Rf6 34. Rcc7 Re8 35. Re7 Rxe7 36. Rxe7 Re6 37. Rb7 g5 38. h4 gxh4+ 39. Kxh4 Kg6 40. Kg4 f5+ 41. Kf4 a4 42. a3 Kf6 43. Rb8 Rd6 44. Ke3 Ke5 45. Ra8 f4+ 46. Ke2 Rh6 47. Rxa4 Rh2+ 48. Kf3 Rxb2 49. Re4+ Kd6 50. Rxf4 Rb3 51. Ke2 Rxc3 52. a4 Kd5 53. Rf5+ Ke4 54. Rf8 Rc2+ 55. Kd1 Ra2 56. Rb8 Kd3 57. Kc1 Rxa4 58. Rxb6 Kc3 59. Kd1 Ra1+ 60. Ke2 c4 61. Rg6 Ra3 62. Kd1 Kb2 63. Rg2+ Kb3 64. Rg7 Ra1+ 65. Ke2 c3 66. Rb7+ Kc2 67. Rb8 Ra2 68. Rc8 Kb1+ 69. Kd3 c2 0-1